[Event "Schachsommer 2019"]
[Site "Dresden"]
[Date "2019.08.15"]
[Round "7.3"]
[White "Efimenko, Zahar"]
[Black "Herbrig, Alexander"]
[Result "1-0"]
[WhiteElo "2608"]
[BlackElo "2291"]
[Annotator "ChessBase"]
[PlyCount "71"]
[EventDate "2019.08.10"]
[EventType "swiss"]
[EventCountry "GER"]
[SourceTitle "playchess.com"]
[Source "ChessBase"]
[SourceQuality "1"]
[TimeControl "40/5400+30:1800+30"]

1. d4 {[%emt 1:29:45]} Nf6 {[%emt 1:30:18]} 2. Nf3 {[%emt 1:30:48]} e6 {[%emt 1:30:27]} 3. e3 {[%emt 1:30:03]} b6 {[%emt 1:29:44]} 4. Bd3 {[%emt 1:30:14]} Bb7 {[%emt 1:30:02]} 5. O-O {[%emt 1:30:32]} Be7 {[%emt 1:28:49]} 6. c4 {[%emt 1:30:32]} O-O {[%emt 1:27:40]} 7. Nc3 {[%emt 1:30:16]} d5 {[%emt 1:22:53]} 8. cxd5 {[%emt 1:30:27]} Nxd5 {[%emt 1:21:16]} 9. Nxd5 {[%emt 1:19:27]} Bxd5 {[%emt 1:14:14]} 10. e4 {[%emt 1:19:21]} Bb7 {[%emt 1:13:57]} 11. Bf4 {[%emt 1:18:51]} c5 {[%emt 0:57:43]} 12. dxc5 {[%emt 1:10:47]} Bxc5 {[%emt 0:57:45]} 13. a3 {[%emt 1:05:32]} a5 {[%emt 0:35:53]} 14. e5 {[%emt 0:36:23]} Ba6 {[%emt 0:32:38]} 15. Bxa6 {[%emt 0:50:00]} Nxa6 {[%emt 0:32:01]} 16. Qc2 {[%emt 0:46:36]} h6 {[%emt 0:30:56]} 17. Rad1 {[%emt 0:42:51]} Qc7 {[%emt 0:29:53]} 18. Qe2 {[%emt 0:30:23]} Qb7 {[%emt 0:24:48]} 19. Nd2 {[%emt 0:33:26]} Be7 {[%emt 0:22:16]} 20. Ne4 {[%emt 0:30:07]} Nc5 {[%emt 0:17:46]} 21. Nd6 {[%emt 0:18:16]} Bxd6 {[%emt 0:17:09]} 22. exd6 {[%emt 0:17:39]} a4 {[%emt 0:13:56]} 23. Rfe1 {[%emt 0:24:58]} Rad8 {[%emt 0:10:39]} 24. h4 {[%emt 0:23:51]} Kh8 {[%emt 0:08:41]} 25. Qb5 {[%emt 0:18:29]} Rd7 {[%emt 0:07:05]} 26. Rd4 {[%emt 0:07:35]} Rfd8 {[%emt 0:04:58]} 27. h5 {[%emt 0:05:28]} f6 {[%emt 0:05:01]} 28. Be3 {[%emt 0:12:36]} e5 {[%emt 0:04:28]} 29. Rdd1 {[%emt 0:11:40]} Ne4 {[%emt 0:03:55]} 30. Qxb6 {[%emt 0:09:59]} Qa8 {[%emt 0:04:24]} 31. Qb4 {[%emt 0:09:41]} Rxd6 {[%emt 0:03:20]} 32. Rxd6 {[%emt 0:10:01]} Nxd6 {[%emt 0:02:01]} 33. Bb6 {[%emt 0:09:59]} Rd7 {[%emt 0:02:25]} 34. Rd1 {[%emt 0:09:45]} Qc6 {[%emt 0:02:51]} 35. Qc5 {[%emt 0:08:31]} Rc7 {[%emt 0:01:51]} 36. Qxd6 {[%emt 0:02:21]} 1-0

[Event "Schachsommer 2019"]
[Site "Dresden"]
[Date "2019.08.15"]
[Round "7.4"]
[White "Siedentopf, Daniel"]
[Black "Mkrtchian, Lilit"]
[Result "0-1"]
[WhiteElo "2294"]
[BlackElo "2395"]
[Annotator "NA"]
[PlyCount "82"]
[EventDate "2019.08.10"]
[EventType "swiss"]
[EventCountry "GER"]
[SourceTitle "playchess.com"]
[Source "ChessBase"]
[SourceQuality "1"]
[TimeControl "40/5400+30:1800+30"]

1. d4 {[%emt 1:30:26]} Nf6 {[%emt 1:30:09]} 2. c4 {[%emt 1:30:51]} e6 {[%emt 1:30:29]} 3. Nc3 {[%emt 1:31:15]} Bb4 {[%emt 1:30:40]} 4. f3 {[%emt 1:31:38]} c5 {[%emt 1:27:37]} 5. d5 {[%emt 1:31:55]} O-O {[%emt 1:27:19]} 6. e4 {[%emt 1:32:14]} Re8 {[%emt 1:26:56]} 7. Nge2 {[%emt 1:31:54]} exd5 {[%emt 1:27:00]} 8. cxd5 {[%emt 1:32:14]} d6 {[%emt 1:32:44]} 9. Ng3 {[%emt 1:32:15]} Nbd7 {[%emt 1:26:37]} 10. Be2 {[%emt 1:31:52]} a6 {[%emt 1:26:48]} 11. O-O {[%emt 1:31:24]} Ba5 {[%emt 1:18:43]} 12. Kh1 {[%emt 1:29:15]} Rb8 {[%emt 1:17:30]} 13. Qc2 {[%emt 1:16:06]} Qc7 {[%emt 1:03:13]} 14. Nd1 {[%emt 1:03:43]} b5 {[%emt 0:57:26]} 15. Ne3 {[%emt 0:57:11]} c4 {[%emt 0:48:37]} 16. Nef5 {[%emt 0:53:23]} Ne5 {[%emt 0:46:34]} 17. Bg5 {[%emt 0:52:20]} Bxf5 {[%emt 0:46:25]} 18. Nxf5 {[%emt 0:47:21]} Nfd7 {[%emt 0:43:57]} 19. Ne7+ {[%emt 0:40:24]} Rxe7 {[%emt 0:40:36]} 20. Bxe7 {[%emt 0:40:11]} f6 {[%emt 0:40:41]} 21. a4 {[%emt 0:38:00]} Bb6 {[%emt 0:25:46]} 22. axb5 {[%emt 0:14:14]} axb5 {[%emt 0:14:44]} 23. b3 {[%emt 0:14:34]} Ng6 {[%emt 0:21:33]} 24. bxc4 {[%emt 0:14:51]} Nxe7 {[%emt 0:14:19]} 25. Qb3 {[%emt 0:14:57]} b4 {[%emt 0:14:24]} 26. Qxb4 {[%emt 0:14:06]} Bd4 {[%emt 0:13:46]} 27. Qa5 {[%emt 0:14:17]} Qxa5 {[%emt 0:13:17]} 28. Rxa5 {[%emt 0:14:42]} Rb2 {[%emt 0:13:44]} 29. Bd1 {[%emt 0:14:14]} Ne5 {[%emt 0:14:00]} 30. Ra8+ {[%emt 0:06:58]} Kf7 {[%emt 0:12:12]} 31. Ba4 {[%emt 0:06:13]} g5 {[%emt 0:11:02]} 32. h4 {[%emt 0:03:47]} gxh4 {[%emt 0:05:05]} 33. f4 {[%emt 0:03:12]} Nd3 {[%emt 0:03:25]} 34. Kh2 {[%emt 0:01:21]} Nxf4 {[%emt 0:03:11]} 35. Rxf4 {[%emt 0:00:25]} Be5 {[%emt 0:03:37]} 36. Kh3 {[%emt 0:00:28]} Bxf4 {[%emt 0:04:01]} 37. Be8+ {[%emt 0:00:55]} Kg7 {[%emt 0:01:25]} 38. Ra7 {[%emt 0:00:59]} Kf8 {[%emt 0:04:04]} 39. Ra8 {[%emt 0:01:17]} Be3 {[%emt 0:01:32]} 40. Bb5+ {[%emt 0:00:22]} Kg7 {[%emt 0:01:18]} 41. Rd8 {[%emt 0:27:45]} Ng6 {[%emt 0:23:44]} 0-1

[Event "Schachsommer 2019"]
[Site "Dresden"]
[Date "2019.08.15"]
[Round "7.5"]
[White "Gajek, Radoslaw"]
[Black "Efimenko, Maria"]
[Result "0-1"]
[WhiteElo "2423"]
[BlackElo "2239"]
[Annotator "NA"]
[PlyCount "134"]
[EventDate "2019.08.10"]
[EventType "swiss"]
[EventCountry "GER"]
[SourceTitle "playchess.com"]
[Source "ChessBase"]
[SourceQuality "1"]
[TimeControl "40/5400+30:1800+30"]

1. e4 {[%emt 1:30:26]} g6 {[%emt 1:30:23]} 2. d4 {[%emt 1:30:45]} d6 {[%emt 1:30:41]} 3. Nc3 {[%emt 1:31:02]} Bg7 {[%emt 1:31:01]} 4. f4 {[%emt 1:31:07]} Nc6 {[%emt 1:31:14]} 5. d5 {[%emt 1:27:09]} Nd4 {[%emt 1:31:24]} 6. Be3 {[%emt 1:26:30]} c5 {[%emt 1:31:38]} 7. dxc6 {[%emt 1:25:25]} Nxc6 {[%emt 1:32:01]} 8. Bc4 {[%emt 1:22:52]} Nf6 {[%emt 1:32:08]} 9. Nf3 {[%emt 1:14:08]} O-O {[%emt 1:31:41]} 10. Qe2 {[%emt 1:10:23]} a6 {[%emt 1:23:01]} 11. O-O-O {[%emt 1:23:31]} b5 {[%emt 1:18:56]} 12. Bb3 {[%emt 1:19:26]} Na5 {[%emt 1:05:20]} 13. e5 {[%emt 1:05:50]} Nxb3+ {[%emt 1:05:45]} 14. axb3 {[%emt 0:54:59]} Ng4 {[%emt 0:56:41]} 15. Bd4 {[%emt 0:54:00]} dxe5 {[%emt 0:50:36]} 16. Nxe5 {[%emt 0:51:17]} Nxe5 {[%emt 0:50:47]} 17. Bxe5 {[%emt 0:51:17]} Qa5 {[%emt 0:50:30]} 18. Bxg7 {[%emt 0:40:49]} Kxg7 {[%emt 0:50:58]} 19. Qe5+ {[%emt 0:40:54]} f6 {[%emt 0:49:56]} 20. Qxe7+ {[%emt 0:41:15]} Rf7 {[%emt 0:50:25]} 21. Qa3 {[%emt 0:41:26]} Qb6 {[%emt 0:50:19]} 22. Nd5 {[%emt 0:41:13]} Qc6 {[%emt 0:47:55]} 23. Rhe1 {[%emt 0:33:57]} Bg4 {[%emt 0:34:27]} 24. Rd2 {[%emt 0:32:58]} a5 {[%emt 0:42:48]} 25. h3 {[%emt 0:23:31]} Bd7 {[%emt 0:24:01]} 26. Kb1 {[%emt 0:09:36]} b4 {[%emt 0:35:04]} 27. Qa2 {[%emt 0:10:03]} Be6 {[%emt 0:30:15]} 28. Red1 {[%emt 0:09:02]} Rd7 {[%emt 0:29:12]} 29. c4 {[%emt 0:07:14]} bxc3 {[%emt 0:29:38]} 30. Nxc3 {[%emt 0:07:38]} Rxd2 {[%emt 0:29:38]} 31. Rxd2 {[%emt 0:08:05]} a4 {[%emt 0:29:45]} 32. Qa3 {[%emt 0:07:30]} Bf5+ {[%emt 0:30:13]} 33. Kc1 {[%emt 0:07:34]} axb3 {[%emt 0:30:39]} 34. Qe7+ {[%emt 0:07:28]} Kh6 {[%emt 0:31:05]} 35. Rd5 {[%emt 0:05:33]} Qc4 {[%emt 0:26:07]} 36. g3 {[%emt 0:00:07]} Qf1+ {[%emt 0:24:00]} 37. Kd2 {[%emt 0:00:36]} Qg2+ {[%emt 0:23:13]} 38. Qe2 {[%emt 0:01:04]} Qxg3 {[%emt 0:23:39]} 39. Rd4 {[%emt 0:00:09]} Qxh3 {[%emt 0:22:29]} 40. Qe7 {[%emt 0:00:01]} Qg2+ {[%emt 0:21:30]} 41. Qe2 {[%emt 0:28:52]} Qxe2+ {[%emt 0:50:48]} 42. Kxe2 {[%emt 0:28:58]} Kh5 {[%emt 0:46:46]} 43. Nd5 {[%emt 0:47:16]} Ra6 {[%emt 0:46:06]} 44. Ne3 {[%emt 0:46:36]} Ra2 {[%emt 0:45:01]} 45. Rd2 {[%emt 0:26:33]} Be4 {[%emt 0:45:26]} 46. Kf2 {[%emt 0:25:49]} g5 {[%emt 0:42:35]} 47. f5 {[%emt 0:22:44]} g4 {[%emt 0:29:04]} 48. Kg3 {[%emt 0:13:37]} Kg5 {[%emt 0:29:30]} 49. Rd8 {[%emt 0:12:00]} Rxb2 {[%emt 0:17:07]} 50. Rg8+ {[%emt 0:17:37]} Kh5 {[%emt 0:17:34]} 51. Rg7 {[%emt 0:06:14]} Re2 {[%emt 0:11:08]} 52. Rxh7+ {[%emt 0:05:37]} Kg5 {[%emt 0:11:37]} 53. Rg7+ {[%emt 0:04:43]} Kh6 {[%emt 0:12:03]} 54. Rg6+ {[%emt 0:05:08]} Kh7 {[%emt 0:10:29]} 55. Nd1 {[%emt 0:03:12]} b2 {[%emt 0:08:29]} 56. Nxb2 {[%emt 0:03:17]} Rxb2 {[%emt 0:08:57]} 57. Rxf6 {[%emt 0:03:06]} Bf3 {[%emt 0:09:21]} 58. Rd6 {[%emt 0:01:50]} Rb4 {[%emt 0:09:00]} 59. Kh4 {[%emt 0:01:18]} Kg7 {[%emt 0:08:47]} 60. Kg3 {[%emt 0:09:17]} Kf7 {[%emt 0:09:00]} 61. Ra6 {[%emt 0:00:05]} Rb3 {[%emt 0:08:55]} 62. Rh6 {[%emt 0:00:01]} Bd1+ {[%emt 0:08:44]} 63. Kf4 {[%emt 0:00:29]} Rb4+ {[%emt 0:08:03]} 64. Kg3 {[%emt 0:00:51]} Bc2 {[%emt 0:01:21]} 65. f6 {[%emt 0:00:42]} Bg6 {[%emt 0:08:15]} 66. Rh4 {[%emt 0:01:06]} Bf5 {[%emt 0:08:44]} 67. Rh6 {[%emt 0:01:35]} Rb6 {[%emt 0:09:01]} 0-1

[Event "Schachsommer 2019"]
[Site "Dresden"]
[Date "2019.08.17"]
[Round "8.1"]
[White "Mkrtchian, Lilit"]
[Black "Heimann, Andreas"]
[Result "1/2-1/2"]
[WhiteElo "2395"]
[BlackElo "2634"]
[Annotator "TA"]
[PlyCount "82"]
[EventDate "2019.08.10"]
[EventType "swiss"]
[EventCountry "GER"]
[SourceTitle "playchess.com"]
[Source "ChessBase"]
[SourceQuality "1"]

{[%evp 12,82,30,5,14,13,5,20,35,30,30,26,23,30,28,33,31,25,70,62,49,66,90,5,18,13,31,0,0,0,0,0,0,0,0,2,0,0,29,0,0,0,0,0,0,0,0,0,15,16,25,0,0,0,0,0,0,0,0,0,0,0,0,0,0,0,0,0,0,0,0,0,0]} 1. d4 Nf6 2. c4 e6 3. Nc3 Bb4 4. Qc2 d5 5. a3 Bxc3+ 6. Qxc3 dxc4 7. Qxc4 b6 {E36: Nimzo-Indian: Classical: 4...d5 5 a3} 8. Bf4 (8. Nf3 Ba6 9. Qc2 h6 10. Bf4 O-O 11. Rd1 Nbd7 12. g3 Rc8 13. Bg2 Nd5 14. O-O c5 15. Bd6 cxd4 {½-½ (45) Mamedyarov,S (2808)-Anand,V (2759) Leuven 2018}) 8... Ba6 9. Qxc7 Qd5 10. Qd6 (10. Bd6 $2 Nc6 $19) 10... Qa5+ 11. b4 Qa4 $1 12. f3 $146 ({Predecessor:} 12. Rc1 Nbd7 13. Qc6 Qxc6 14. Rxc6 Bb5 15. Rc1 {½-½ (45) Yartsev,V (2344)-Wharrier,J (2365) ICCF email 2013}) 12... Nc6 13. Rc1 $1 Ne7 14. e4 ({Don't go for} 14. Rc7 $2 Nfd5 $19) 14... Bxf1 15. Kxf1 Rd8 16. Qc7 Nh5 {[#]} 17. Be3 ({Much weaker is} 17. Bd6 $6 Rd7 $11) (17. Ne2 $1 $16) 17... f5 18. Ne2 {Qe5 is the strong threat.} fxe4 19. Qe5 (19. Bg5 $5 {[%cal Rc7e7]} Nf6 20. Bxf6 gxf6 21. fxe4 $11) 19... Nf6 20. Qxe6 {And now Nf4 would win.} Qxa3 21. Rc7 {[%csl Gc7][%cal Re6e7] [#]} ({Much worse is} 21. fxe4 Qxe3 22. Rc7 Nd7 $19) 21... Qxb4 22. Rxa7 Rf8 23. Kf2 exf3 24. gxf3 {Strongly threatening Bc1.} Rf7 (24... Qd6 $5 {[%cal Rd6e6]} 25. Nf4 g5 26. Qxd6 Rxd6 27. Ra8+ Kf7 28. Rxf8+ Kxf8 $11) 25. Rha1 {Hoping for Ra8.} Qd6 26. Nf4 {Black must now prevent Ra8.} Nfd5 27. Ra8 {White wants to mate with Qxd6.} Rf6 28. Rxd8+ Qxd8 29. Qe5 Nxf4 (29... Rf5 $5 30. Qe4 $8 Nf6 $11) 30. Bxf4 {aiming for Bg5.} Qd5 31. Ra7 {[%csl Ga7][%cal Re5e7]} (31. Re1 {feels hotter.} Qxe5 32. Bxe5 Rf7 33. Rb1 Nd5 34. Rb5) 31... Qxe5 {The position is equal.} 32. Bxe5 $11 {[%mdl 4096] Endgame KRB-KRN} Rf7 33. Ra8+ Kd7 34. Ke3 Nd5+ 35. Ke4 Nc3+ 36. Kd3 Rxf3+ 37. Kc4 Ne4 38. Kd5 Nc3+ 39. Kc4 Ne4 40. Kd5 Nc3+ 41. Kc4 Ne4 {Accuracy: White = 67%, Black = 65%.} 1/2-1/2

[Event "Schachsommer 2019"]
[Site "Dresden"]
[Date "2019.08.17"]
[Round "8.2"]
[White "Jablonicky, Martin"]
[Black "Kambrath, Yannick"]
[Result "1-0"]
[WhiteElo "2378"]
[BlackElo "2344"]
[Annotator "ChessBase"]
[PlyCount "45"]
[EventDate "2019.08.10"]
[EventType "swiss"]
[EventCountry "GER"]
[SourceTitle "playchess.com"]
[Source "ChessBase"]
[SourceQuality "1"]
[TimeControl "40/5400+30:1800+30"]

1. e4 {[%emt 1:30:30]} c5 {[%emt 1:30:26]} 2. Nf3 {[%emt 1:28:55]} d6 {[%emt 1:30:51]} 3. d4 {[%emt 1:29:21]} cxd4 {[%emt 1:31:17]} 4. Nxd4 {[%emt 1:29:44]} Nf6 {[%emt 1:31:43]} 5. Nc3 {[%emt 1:30:09]} a6 {[%emt 1:32:09]} 6. h4 {[%emt 1:30:35]} e5 {[%emt 1:16:16]} 7. Nb3 {[%emt 1:30:13]} Be6 {[%emt 1:15:59]} 8. f4 {[%emt 1:30:38]} Nbd7 {[%emt 1:06:10]} 9. f5 {[%emt 1:30:53]} Bxb3 {[%emt 1:06:31]} 10. axb3 {[%emt 1:31:09]} d5 {[%emt 1:06:18]} 11. Nxd5 {[%emt 1:21:34]} Nxe4 {[%emt 0:58:22]} 12. Qf3 {[%emt 1:19:36]} Nd6 {[%emt 0:39:34]} 13. Bd2 {[%emt 0:40:04]} Qc8 {[%emt 0:26:34]} 14. Ba5 {[%emt 0:44:23]} Nb5 {[%emt 0:26:32]} 15. Bxb5 {[%emt 0:39:10]} axb5 {[%emt 0:26:53]} 16. Nc7+ {[%emt 0:27:23]} Qxc7 {[%emt 0:27:10]} 17. Bxc7 {[%emt 0:39:04]} Rxa1+ {[%emt 0:27:37]} 18. Ke2 {[%emt 0:39:00]} Rxh1 {[%emt 0:27:42]} 19. Qxb7 {[%emt 0:28:12]} Ke7 {[%emt 0:13:17]} 20. Qc8 {[%emt 0:36:37]} Kf6 {[%emt 0:13:24]} 21. Qxd7 {[%emt 0:36:18]} Be7 {[%emt 0:10:52]} 22. Qxb5 {[%emt 0:35:18]} Kxf5 {[%emt 0:10:16]} 23. Qxe5+ {[%emt 0:35:38]} 1-0

[Event "Schachsommer 2019"]
[Site "Dresden"]
[Date "2019.08.17"]
[Round "8.3"]
[White "Efimenko, Maria"]
[Black "Efimenko, Zahar"]
[Result "0-1"]
[WhiteElo "2239"]
[BlackElo "2608"]
[Annotator "TA"]
[PlyCount "68"]
[EventDate "2019.08.10"]
[EventType "swiss"]
[EventCountry "GER"]
[SourceTitle "playchess.com"]
[Source "ChessBase"]
[SourceQuality "1"]

{[%evp 10,68,18,3,0,2,9,0,0,0,0,-6,-12,-33,-13,-66,-18,-37,-37,-77,-64,-147,-114,-190,-186,-185,-171,-208,-212,-222,-214,-206,-204,-205,-204,-266,-237,-263,-275,-290,-258,-355,-362,-437,-304,-288,-277,-367,-333,-350,-346,-375,-367,-394,-387,-2388,-2245,-1727,-1615,-29991,-29991]} 1. e4 e5 2. Nf3 Nc6 3. Bb5 a6 4. Ba4 Nf6 5. d3 d6 6. O-O b5 {C79: Ruy Lopez: Steinitz-type lines with 3...a6 4 Ba4 Nf6 5 0-0 d6} 7. Bb3 Na5 8. Nbd2 (8. Re1 Nxb3 9. axb3 c5 10. Bg5 Be7 11. Nc3 Bb7 12. Bxf6 Bxf6 13. Nd5 Bxd5 14. exd5 {½-½ (65) Vachier Lagrave,M (2789)-Carlsen,M (2855) Paris 2016}) 8... Be7 {The position is equal.} 9. Re1 O-O 10. c3 Nxb3 11. Nxb3 c5 12. d4 ({White should try} 12. Nbd2 $11) 12... Qc7 13. h3 $146 ({Predecessor:} 13. d5 c4 14. Nbd2 Bg4 15. h3 Bh5 16. g4 Bg6 17. Nh4 {½-½ (77) Torralba Perez,A (1773)-Padilla Carmona,F (1921) Barcelona 2015}) 13... Bb7 14. d5 Nd7 $36 {[%mdl 2048] Black has good play.} 15. Re2 (15. Nbd2 $15) 15... f5 16. Nbd2 (16. Ng5 $17 {keeps fighting.}) 16... Nb6 $19 17. Qc2 Qd7 18. a4 {[#]} fxe4 $1 (18... bxa4 19. c4 $17) 19. Nxe4 Nxd5 ({Don't do} 19... Bxd5 20. a5 $17) (19... Nxa4 20. b3 $15) 20. axb5 axb5 ({Not} 20... Qxb5 21. Nfg5 $15) 21. Rxa8 Bxa8 22. Bg5 h6 23. Bxe7 Qxe7 ({Don't take} 23... Nxe7 24. Ne1 $17) 24. Qb3 Bc6 25. c4 Nf4 26. Re3 bxc4 27. Qxc4+ Bd5 28. Qa6 Bxe4 29. Rxe4 {[#]} Nxh3+ $1 {[%mdl 576] Deflection} 30. gxh3 Rxf3 {KQR-KQR} 31. Kg2 Qf7 32. Qc8+ $2 (32. Qe2 Rb3 33. Re3) 32... Kh7 33. Re2 Qd5 {( -> ...Rf8+)} 34. Kh2 Qd3 {Accuracy: White = 23%, Black = 88%.} 0-1

[Event "Schachsommer 2019"]
[Site "Dresden"]
[Date "2019.08.17"]
[Round "8.4"]
[White "Dann, Matthias"]
[Black "Dahl, Christoph"]
[Result "0-1"]
[WhiteElo "2527"]
[BlackElo "2063"]
[Annotator "ChessBase"]
[PlyCount "126"]
[EventDate "2019.08.10"]
[EventType "swiss"]
[EventCountry "GER"]
[SourceTitle "playchess.com"]
[Source "ChessBase"]
[SourceQuality "1"]
[TimeControl "40/5400+30:1800+30"]

1. e4 {[%emt 1:30:01]} e5 {[%emt 1:30:23]} 2. Nf3 {[%emt 1:30:27]} Nc6 {[%emt 1:30:46]} 3. Bb5 {[%emt 1:30:53]} a6 {[%emt 1:30:58]} 4. Ba4 {[%emt 1:31:19]} Nf6 {[%emt 1:31:12]} 5. O-O {[%emt 1:31:43]} Nxe4 {[%emt 1:32:13]} 6. d4 {[%emt 1:31:58]} b5 {[%emt 1:31:36]} 7. Bb3 {[%emt 1:32:24]} d5 {[%emt 1:31:46]} 8. dxe5 {[%emt 1:32:47]} Be6 {[%emt 1:33:17]} 9. Be3 {[%emt 1:33:03]} Be7 {[%emt 1:31:44]} 10. c3 {[%emt 1:33:23]} O-O {[%emt 1:31:43]} 11. Nbd2 {[%emt 1:33:41]} Qd7 {[%emt 1:31:31]} 12. h3 {[%emt 1:28:04]} Rad8 {[%emt 1:28:56]} 13. Re1 {[%emt 1:16:10]} h6 {[%emt 1:26:22]} 14. Nd4 {[%emt 1:05:49]} Nxd2 {[%emt 1:23:36]} 15. Qxd2 {[%emt 1:04:26]} Nxe5 {[%emt 1:12:57]} 16. Bxh6 {[%emt 1:03:56]} Nc4 {[%emt 1:12:13]} 17. Bxc4 {[%emt 1:04:20]} dxc4 {[%emt 1:12:40]} 18. Nxe6 {[%emt 1:04:17]} fxe6 {[%emt 1:04:47]} 19. Qxd7 {[%emt 1:04:36]} Rxd7 {[%emt 1:13:30]} 20. Be3 {[%emt 1:04:42]} e5 {[%emt 1:11:28]} 21. a4 {[%emt 0:58:57]} Rfd8 {[%emt 1:08:55]} 22. axb5 {[%emt 0:58:10]} axb5 {[%emt 1:09:23]} 23. Ra5 {[%emt 1:09:23]} Rd5 {[%emt 0:56:37]} 24. Kf1 {[%emt 0:56:10]} Kf7 {[%emt 1:08:40]} 25. Ke2 {[%emt 0:56:34]} Kg6 {[%emt 1:08:07]} 26. Ra6+ {[%emt 0:55:16]} R5d6 {[%emt 1:05:40]} 27. Rea1 {[%emt 0:54:24]} c6 {[%emt 1:02:31]} 28. Ra8 {[%emt 0:54:47]} Bg5 {[%emt 0:59:59]} 29. Rxd8 {[%emt 1:00:29]} Rxd8 {[%emt 1:00:24]} 30. Rd1 {[%emt 0:34:54]} Rd5 {[%emt 0:58:23]} 31. Rd2 {[%emt 0:31:14]} Kf5 {[%emt 0:54:07]} 32. g3 {[%emt 0:30:34]} Bxe3 {[%emt 0:51:57]} 33. Kxe3 {[%emt 0:30:43]} g6 {[%emt 0:48:33]} 34. f3 {[%emt 0:30:36]} g5 {[%emt 0:48:54]} 35. h4 {[%emt 0:24:48]} g4 {[%emt 0:25:18]} 36. fxg4+ {[%emt 0:18:23]} Kxg4 {[%emt 0:43:31]} 37. Rg2 {[%emt 0:18:18]} Rd1 {[%emt 0:42:56]} 38. h5 {[%emt 0:08:30]} Rh1 {[%emt 0:39:57]} 39. h6 {[%emt 0:08:37]} Rxh6 {[%emt 0:40:17]} 40. Ke4 {[%emt 0:09:03]} Re6 {[%emt 0:36:43]} 41. Rg1 {[%emt 0:07:33]} Re7 {[%emt 0:37:06]} 42. Rd1 {[%emt 0:05:57]} Kxg3 {[%emt 0:06:27]} 43. Rd6 {[%emt 0:06:03]} Rh7 {[%emt 0:21:05]} 44. Rg6+ {[%emt 0:02:26]} Kf2 {[%emt 0:20:59]} 45. Rxc6 {[%emt 0:02:41]} Rh4+ {[%emt 0:21:02]} 46. Kxe5 {[%emt 0:02:23]} Ke3 {[%emt 0:21:27]} 47. Rg6 {[%emt 0:18:53]} Rh2 {[%emt 0:49:42]} 48. Rg3+ {[%emt 0:15:27]} Kd2 {[%emt 0:46:26]} 49. Kd4 {[%emt 0:15:53]} Kc1 {[%emt 0:45:43]} 50. Rg5 {[%emt 0:10:26]} Rxb2 {[%emt 0:45:21]} 51. Rh5 {[%emt 0:09:46]} Kc2 {[%emt 0:43:49]} 52. Rh3 {[%emt 0:01:09]} Kb3 {[%emt 0:43:27]} 53. Kc5 {[%emt 0:01:36]} Rc2 {[%emt 0:02:06]} 54. Kxb5 {[%emt 0:02:03]} Rxc3 {[%emt 0:44:14]} 55. Rh4 {[%emt 0:02:28]} Rc1 {[%emt 0:44:33]} 56. Rg4 {[%emt 0:01:02]} c3 {[%emt 0:44:58]} 57. Rb4+ {[%emt 0:01:25]} Kc2 {[%emt 0:45:23]} 58. Rg4 {[%emt 0:45:53]} Rb1+ {[%emt 0:45:13]} 59. Ka4 {[%emt 0:01:37]} Kb2 {[%emt 0:45:06]} 60. Rb4+ {[%emt 0:02:01]} Kc1 {[%emt 0:45:31]} 61. Rg4 {[%emt 0:02:11]} c2 {[%emt 0:45:46]} 62. Ka3 {[%emt 0:02:31]} Kd2 {[%emt 0:46:09]} 63. Rg2+ {[%emt 0:02:54]} Kd3 {[%emt 0:46:33]} 0-1

[Event "Schachsommer 2019"]
[Site "Dresden"]
[Date "2019.08.17"]
[Round "8.5"]
[White "Siedentopf, Daniel"]
[Black "Nothnagel, Marian Can"]
[Result "0-1"]
[WhiteElo "2294"]
[BlackElo "2388"]
[Annotator "ChessBase"]
[PlyCount "74"]
[EventDate "2019.08.10"]
[EventType "swiss"]
[EventCountry "GER"]
[SourceTitle "playchess.com"]
[Source "ChessBase"]
[SourceQuality "1"]
[TimeControl "40/5400+30:1800+30"]

1. d4 {[%emt 1:30:28]} Nf6 {[%emt 1:30:25]} 2. c4 {[%emt 1:30:56]} g6 {[%emt 1:30:52]} 3. Nc3 {[%emt 1:31:22]} Bg7 {[%emt 1:31:19]} 4. e4 {[%emt 1:31:48]} d6 {[%emt 1:31:47]} 5. Nf3 {[%emt 1:32:13]} O-O {[%emt 1:32:14]} 6. h3 {[%emt 1:32:39]} e5 {[%emt 1:32:41]} 7. d5 {[%emt 1:33:06]} a5 {[%emt 1:32:49]} 8. Bg5 {[%emt 1:33:31]} Na6 {[%emt 1:33:05]} 9. Be2 {[%emt 1:33:55]} Qe8 {[%emt 1:33:05]} 10. Nd2 {[%emt 1:34:19]} Nd7 {[%emt 1:33:23]} 11. a3 {[%emt 1:33:53]} f6 {[%emt 1:33:24]} 12. Bh4 {[%emt 1:34:56]} Nb6 {[%emt 1:32:14]} 13. b3 {[%emt 1:35:19]} Bh6 {[%emt 1:31:15]} 14. Rb1 {[%emt 1:35:32]} Bd7 {[%emt 1:25:23]} 15. Qc2 {[%emt 1:35:30]} c6 {[%emt 1:21:21]} 16. O-O {[%emt 1:35:36]} cxd5 {[%emt 1:21:36]} 17. exd5 {[%emt 1:35:35]} f5 {[%emt 1:17:59]} 18. b4 {[%emt 1:18:29]} axb4 {[%emt 1:16:30]} 19. axb4 {[%emt 1:33:11]} g5 {[%emt 0:56:52]} 20. Bg3 {[%emt 1:33:28]} Nc8 {[%emt 0:44:56]} 21. f3 {[%emt 1:32:08]} Qe7 {[%emt 0:44:35]} 22. Bf2 {[%emt 1:31:55]} g4 {[%emt 0:42:48]} 23. fxg4 {[%emt 1:30:06]} e4 {[%emt 0:42:17]} 24. Ndxe4 {[%emt 1:27:47]} fxe4 {[%emt 0:40:41]} 25. Nxe4 {[%emt 1:28:12]} Nc7 {[%emt 1:28:42]} 26. Bd3 {[%emt 1:25:09]} Bg7 {[%emt 0:31:33]} 27. Rbe1 {[%emt 1:24:19]} Be5 {[%emt 0:31:43]} 28. Be3 {[%emt 1:22:19]} Rxf1+ {[%emt 0:31:15]} 29. Rxf1 {[%emt 1:22:44]} Ra1 {[%emt 0:31:41]} 30. Rxa1 {[%emt 1:20:51]} Bxa1 {[%emt 0:32:01]} 31. Qf2 {[%emt 1:18:50]} Ne8 {[%emt 0:27:13]} 32. g5 {[%emt 1:19:06]} Qf7 {[%emt 0:26:06]} 33. Qh4 {[%emt 1:17:56]} Ne7 {[%emt 0:21:14]} 34. g4 {[%emt 0:21:44]} Qf3 {[%emt 0:19:36]} 35. Qxh7+ {[%emt 1:12:31]} Kxh7 {[%emt 0:18:47]} 36. Nd2+ {[%emt 1:12:54]} Bf5 {[%emt 0:19:05]} 37. Bxf5+ {[%emt 1:13:17]} Nxf5 {[%emt 0:19:30]} 0-1